Cold gas at high redshift (Record no. 11950)
[ view plain ]
| 000 -LEADER | |
|---|---|
| fixed length control field | 00929nam a2200217Ia 4500 |
| 003 - CONTROL NUMBER IDENTIFIER | |
| control field | IN-BaIIA |
| 008 - FIXED-LENGTH DATA ELEMENTS--GENERAL INFORMATION | |
| fixed length control field | 211028s9999 xx 000 0 eng d |
| 020 ## - INTERNATIONAL STANDARD BOOK NUMBER | |
| International Standard Book Number | 0-7923-4135-X |
| 040 ## - CATALOGING SOURCE | |
| Transcribing agency | IIA Library |
| 080 ## - UNIVERSAL DECIMAL CLASSIFICATION NUMBER | |
| Universal Decimal Classification number | 52(082.1) |
| Item number | ASS-206 |
| 111 ## - MAIN ENTRY--MEETING NAME | |
| Meeting name or jurisdiction name as entry element | Workshop Celebrating the 25th Anniversary of the Westerbork Synthesis Radio Telescope |
| Location of meeting | Hoogeveen |
| Date of meeting or treaty signing | 1995 Aug. 28-30 |
| 9 (RLIN) | 20784 |
| 245 #0 - TITLE STATEMENT | |
| Title | Cold gas at high redshift |
| Remainder of title | proceediings of a Workshop celebrating the 25th anniversary of the westerbork synthesis radio Telescope, held in Hoogeveen, The Netherlands, August 28-30, 1995 |
| Statement of responsibility, etc. | edited by M.N. Bremer, P.P. Werf, H.J.A. Röttgering, and C.L. Carilli. |
| 260 ## - PUBLICATION, DISTRIBUTION, ETC. | |
| Place of publication, distribution, etc. | Dordrecht |
| Name of publisher, distributor, etc. | Kluwer Academic |
| Date of publication, distribution, etc. | 1996 |
| 300 ## - PHYSICAL DESCRIPTION | |
| Extent | [various pagings.] |
| 650 ## - SUBJECT ADDED ENTRY--TOPICAL TERM | |
| Topical term or geographic name entry element | Cold gas |
| 9 (RLIN) | 20785 |
| 650 ## - SUBJECT ADDED ENTRY--TOPICAL TERM | |
| Topical term or geographic name entry element | Redshift |
| 9 (RLIN) | 8391 |
| 700 ## - ADDED ENTRY--PERSONAL NAME | |
| Personal name | Bremer, M. N., ed. |
| 9 (RLIN) | 20786 |
| 700 ## - ADDED ENTRY--PERSONAL NAME | |
| Personal name | Rottgering, H. J. A |
| 9 (RLIN) | 20787 |
| 700 ## - ADDED ENTRY--PERSONAL NAME | |
| Personal name | Van der Werf, P. P. |
| 9 (RLIN) | 16321 |
| 942 ## - ADDED ENTRY ELEMENTS (KOHA) | |
| Koha item type | Books |
| Withdrawn status | Lost status | Damaged status | Not for loan | Home library | Current library | Shelving location | Date acquired | Source of acquisition | Cost, normal purchase price | Total Checkouts | Full call number | Barcode | Date last seen | Cost, replacement price | Price effective from | Koha item type | Purchase Price |
|---|---|---|---|---|---|---|---|---|---|---|---|---|---|---|---|---|---|
| IIA Library-Bangalore | IIA Library-Bangalore | General Stacks | 05/12/1996 | ALL | 6401.50 | 52(082.1)/ ASS-206 | 12866 | 05/11/2021 | 6401.50 | 05/12/1996 | Books | Rs. 6401.50 |